00865ngm a2200217 a 450000500170000000800390001708200180005611000330007424500930010725000190020030000540021949000560027365000330032965000460036265000550040826400610046333600270052433700330055133800280058404000350061220220317001156.0160825s2002 ck g 000 0 spa04a637.356bH63q2 aHogares Juveniles Campesinos10aQuesosbcampesino, pasteurizado y molidocHogares Juveniles Campesinoshvideograbación a1a. edición  a1 Videocasete (25 minutos)bsonido, color c20 cm aVideoteca del campopgranja Integral autosuficiente142LEMBaQuesos vVideocasetes 142LEMBaIndustria de quesos vVideocasetes 142LEMBaPasteurización de la leche vVideocasetes  aBogotác2002bFundación Hogares Juveniles Campesinos atextobtxt2rdacontent asin mediaciónbn2rdamedia avolumenbnc2rdacarrier aCO-BoRNBPbspaerdacCO-BoRNBP